[Event "Istanbul Bagcilar op"]
[Site "Istanbul"]
[Date "2023.09.08"]
[Round "7"]
[White "Urun, Sina Mete"]
[Black "Ishankulyyev, Begmyrat"]
[Result "1/2-1/2"]
[WhiteElo "1532"]
[BlackElo "1549"]
[PlyCount "114"]
[EventDate "2023.09.03"]
[EventType "swiss"]
[EventRounds "9"]
[EventCountry "TUR"]
[SourceTitle "EXT 2024"]
[Source "ChessBase"]
[SourceDate "2023.10.10"]
[SourceVersion "1"]
[SourceVersionDate "2023.10.10"]
[SourceQuality "1"]

1. e4 e6 2. d4 d5 3. Nd2 c5 4. exd5 exd5 5. Ngf3 Nf6 6. Bb5+ Bd7 7. Bxd7+ Nbxd7 8. 0-0 Be7 9. dxc5 Nxc5 10. Nb3 Nce4 11. Be3 0-0 12. Qd3 Qc8 13. Rac1 Rd8 14. Qe2 Qc4 15. Rfe1 Bd6 16. h3 b6 17. Nfd4 Rac8 18. c3 Kf8 19. f3 Ng3 20. Qc2 h6 21. Nf5 Nxf5 22. Qxf5 Qh4 23. Bd4 Re8 24. Be5 Bxe5 25. Rxe5 g6 26. Rxe8+ Rxe8 27. Qc2 Nh5 28. Qf2 Qg5 29. Rc2 Nf4 30. Kh2 h5 31. g3 Ne6 32. Re2 Qf5 33. f4 h4 34. Re5 Qf6 35. Rxd5 hxg3+ 36. Kxg3 Nc5 37. Nxc5 bxc5 38. Qxc5+ Kg8 39. Qd4 Qa6 40. Rd8 Rxd8 41. Qxd8+ Kh7 42. Qd5 Kg8 43. b4 Qa3 44. Qb3 Qc1 45. c4 Qg1+ 46. Kf3 Qh1+ 47. Ke2 Qg2+ 48. Kd1 Qf1+ 49. Kc2 Qxf4 50. c5 Qe4+ 51. Kb2 Qe2+ 52. Qc2 Qb5 53. a3 a5 54. Qc3 a4 55. c6 Qe2+ 56. Kc1 Qf1+ 57. Kb2 Qe2+ 1/2-1/2

[Event "Istanbul Bagcilar op"]
[Site "Istanbul"]
[Date "2023.09.04"]
[Round "3"]
[White "Mirzayev, Emil"]
[Black "Ishankulyyev, Begmyrat"]
[Result "1/2-1/2"]
[WhiteElo "1502"]
[BlackElo "1549"]
[PlyCount "86"]
[EventDate "2023.09.03"]
[EventType "swiss"]
[EventRounds "9"]
[EventCountry "TUR"]
[SourceTitle "EXT 2024"]
[Source "ChessBase"]
[SourceDate "2023.10.10"]
[SourceVersion "1"]
[SourceVersionDate "2023.10.10"]
[SourceQuality "1"]

1. e4 e6 2. d4 d5 3. exd5 exd5 4. c4 Nf6 5. Nf3 Bb4+ 6. Bd2 Bxd2+ 7. Nbxd2 0-0 8. Be2 dxc4 9. Nxc4 Be6 10. 0-0 Bxc4 11. Bxc4 Nbd7 12. Rc1 Nb6 13. Qb3 c6 14. Rfe1 Qd6 15. Ng5 Nxc4 16. Qxc4 Rad8 17. Rcd1 Qd5 18. Qxd5 Rxd5 19. Ne4 Nxe4 20. Rxe4 Rd7 21. Kf1 Rfd8 22. g3 g6 23. Ke2 Kg7 24. f4 f5 25. Re5 Kf7 26. Ke3 b6 27. b4 Rd5 28. Rd2 R8d6 29. Rxd5 Rxd5 30. Kd3 Ke7 31. Re2+ Kd7 32. Re5 b5 33. Rxd5+ cxd5 34. Ke3 Ke6 35. Kf3 Kf6 36. h4 h6 37. Kg2 Kg7 38. Kf3 Kf6 39. Kg2 Kg7 40. Kf3 Kf7 41. Kg2 Kf6 42. Kf3 g5 43. h5 g4+ 1/2-1/2

[Event "Istanbul Bagcilar op"]
[Site "Istanbul"]
[Date "2023.09.03"]
[Round "1"]
[White "Ozmen, Eren Kaan"]
[Black "Ishankulyyev, Begmyrat"]
[Result "0-1"]
[WhiteElo "1461"]
[BlackElo "1549"]
[PlyCount "172"]
[EventDate "2023.09.03"]
[EventType "swiss"]
[EventRounds "9"]
[EventCountry "TUR"]
[SourceTitle "EXT 2024"]
[Source "ChessBase"]
[SourceDate "2023.10.10"]
[SourceVersion "1"]
[SourceVersionDate "2023.10.10"]
[SourceQuality "1"]

1. e4 e6 2. d4 d5 3. exd5 exd5 4. Bd3 Bd6 5. Nf3 Nf6 6. 0-0 0-0 7. Bg5 Bg4 8. Nbd2 Nbd7 9. c3 c6 10. Qc2 Qc7 11. h3 Bh5 12. Rae1 Rae8 13. Bf5 Bg6 14. Nh4 Bf4 15. Nxg6 hxg6 16. Bxd7 Rxe1 17. Rxe1 Bxg5 18. Bg4 Qf4 19. Re2 Nxg4 20. hxg4 Qxg4 21. Nf3 Bf6 22. Ne5 Bxe5 23. Rxe5 Qc8 24. Qe2 Qc7 25. Re7 Qb6 26. Rd7 a6 27. b4 a5 28. a3 axb4 29. axb4 Qa7 30. Qe1 Qa8 31. Re7 Rc8 32. g3 Kf8 33. Kg2 Re8 34. Re5 Rxe5 35. Qxe5 Qd8 36. Qf4 f6 37. g4 Qe7 38. Kg3 Kf7 39. Kf3 g5 40. Qf5 Qc7 41. Kg2 g6 42. Qf3 Qf4 43. b5 Qd6 44. bxc6 bxc6 45. Qe3 Qd7 46. Kg3 Qc7+ 47. Kg2 Qd6 48. Qd2 Qe6 49. Kg3 Qe4 50. f3 Qb1 51. Kg2 Ke7 52. Qe2+ Kd7 53. Qa6 Qb8 54. Qd3 Qe8 55. Qa6 f5 56. Qd3 Qe6 57. gxf5 gxf5 58. Qd2 Qe7 59. Qd3 Ke6 60. c4 Kf6 61. cxd5 cxd5 62. Qb5 Qe6 63. Kf2 Kg6 64. Qb8 f4 65. Qb1+ Kf6 66. Qc1 Qb6 67. Qd2 Qa6 68. Kg2 Qc4 69. Kf2 Qc6 70. Kg2 Qe6 71. Qd3 Kg7 72. Qd2 Kh6 73. Kh2 Kh5 74. Kg1 Qh3 75. Qf2 Qh4 76. Qc2 Qg3+ 77. Qg2 Kh4 78. Kh1 Qxg2+ 79. Kxg2 g4 80. Kf2 Kh3 81. fxg4 Kxg4 82. Kg2 f3+ 83. Kg1 Kf4 84. Kf1 Ke3 85. Ke1 Kxd4 86. Kf2 Ke4 0-1